000 01325nam a2200421 i 4500
001 vtls000586249
003 PNM
005 20210509162430.0
008 090828s2009 my | e | a000 0 may
015 _aM091-01136
020 _a9789836250711
_cRM15.00
_qpaperback
039 9 _a201202241503
_bnorizan
_c200912241000
_dazma
_c200912141422
_dakmal
_c200912141421
_dakmal
040 _aBNM
_cPNM
_beng
_dPPAK
_erda
049 _aklpmal
082 0 4 _a398.2
_222
090 0 0 _a398.2
_bAZM
_dKAO
100 0 _aAzmah Nordin,
_d1958-
_eauthor.
245 1 0 _aPuteri INDRASARI AYU /
_cAZMAH NORDIN.
264 1 _aKuala Lumpur :
_bDewan Bahasa dan Pustaka,
_c2009
300 _aix, 243 pages ;
_c19 cm.
336 _atext
_2rdacontent
337 _aunmediated
_2rdamedia
338 _avolume
_2rdacarrier
490 1 _aSastera remaja
650 1 0 _aFolk literature, Malay
830 0 _aSastera remaja
942 _2ddc
_cB
949 _62000361733
_a398.2 AZM M
949 _62000361732
_a398.2 AZM M
949 _62000450505
_a398.2 AZM M
_e1953740
949 _62000450504
_a398.2 AZM M
_e1953741
949 _61000796515
_e1953742
_s6700:20210302
949 _61000796516
_e1953743
949 _61000796517
_e1953744
949 _61000796518
_e1953745
949 _61000796519
_e1953746
949 _61000796520
_e1953747
999 _c183895
_d183895